000 00489pab a2200181 454500
008 180718b2004 xxu||||| |||| 00| 0 eng d
100 _aSingh, Mandeep
245 _aEnergy use pattern in aqriculture in Punjab
260 _c2004
300 _ap.265-78.
362 _aOct
650 _aEnergy resources - India - Punjab
650 _aAgriculture - India - Punjab
650 _aAgriculture
700 _aSaran, Sukhjeet K.
773 _aIndian Journal of Economics
909 _a64394
999 _c64394
_d64394